Estudio de Drenaje de las Cuencas de los llanos y Buenos Aires
El presente estudio de drenaje de las cuencas de los Llanos y Buenos Aires, se realizó para determinar o aliviar el problema de azolvamiento. En él se abordan información como la descripción de las cuencas donde se incluyen topografía, clasificación de los suelos. Contiene elementos de hidrolo...
| Main Author: | |
|---|---|
| Other Authors: | |
| Format: | Tesis Section = Libro |
| Language: | Undetermined Spanish |
| Published: |
Managua
UNI
1978
|
| Subjects: |
| LEADER | 01236nam a2200217Ia 4500 | ||
|---|---|---|---|
| 008 | 240830s9999 xx 000 0 und d | ||
| 040 | |a BIBLIOTECA-RUPAP MON 627.12 S479 | ||
| 041 | |a spa | ||
| 082 | |a MON 627.12 S479 | ||
| 100 | 1 | |a Sequeira Montalván, Gonzalo | |
| 245 | 1 | 0 | |a Estudio de Drenaje de las Cuencas de los llanos y Buenos Aires |
| 260 | |a Managua |b UNI |c 1978 | ||
| 300 | |a 242 p. :il. | ||
| 502 | |a Tesis (Ingeniero Civil)- UNI, 1978. | ||
| 520 | 3 | |a El presente estudio de drenaje de las cuencas de los Llanos y Buenos Aires, se realizó para determinar o aliviar el problema de azolvamiento. En él se abordan información como la descripción de las cuencas donde se incluyen topografía, clasificación de los suelos. Contiene elementos de hidrología, entre ellos precipitación, escurrimiento superficial, caudal del diseño, cálculo de la lámina de agua que engendre el caudal de diseño de la cuenca, el uso de la tierra, para reconocer cuales son los tipos de cultivo y los efectos provocados por su uso, así como información sobre la sedimentación. | |
| 650 | 7 | |a RIOS-CONTROL | |
| 650 | 7 | |b AVENAMIENTO | |
| 700 | 1 | |a Tutor: |b Araica Salas, Roberto | |
| 942 | |c BK |2 ddc | ||
| 991 | |a TESIS | ||
| 999 | |c 16186 | ||